Ramyabhumi/ (Record no. 12185)

MARC details
000 -LEADER
fixed length control field 00525nam a22001937a 4500
005 - DATE AND TIME OF LATEST TRANSACTION
control field 20250807083205.0
008 - FIXED-LENGTH DATA ELEMENTS--GENERAL INFORMATION
fixed length control field 250807b |||||||| |||| 00| 0 eng d
020 ## - INTERNATIONAL STANDARD BOOK NUMBER
International Standard Book Number 9789380247342
040 ## - CATALOGING SOURCE
Original cataloging agency IN-DiNC
Transcribing agency IN-DiNC
041 ## - LANGUAGE CODE
Language code of sung or spoken text Assamese
082 ## - DEWEY DECIMAL CLASSIFICATION NUMBER
Classification number 891.4513
Item number SAI
100 ## - MAIN ENTRY--PERSONAL NAME
Personal name Saikia, Bhabendranath
Relator term Author
245 ## - TITLE STATEMENT
Title Ramyabhumi/
Statement of responsibility, etc. By Bhabendranath Saikia
250 ## - EDITION STATEMENT
Edition statement 3rd ed.
260 ## - PUBLICATION, DISTRIBUTION, ETC.
Place of publication, distribution, etc. Guwahati:
Name of publisher, distributor, etc. Assam book hive,
Date of publication, distribution, etc. 2016.
300 ## - PHYSICAL DESCRIPTION
Extent 292p.
650 ## - SUBJECT ADDED ENTRY--TOPICAL TERM
Topical term or geographic name entry element Assamese novel by Bhabendranath Saikia
942 ## - ADDED ENTRY ELEMENTS (KOHA)
Source of classification or shelving scheme Dewey Decimal Classification
Koha item type Books
Holdings
Withdrawn status Lost status Source of classification or shelving scheme Damaged status Not for loan Collection code Home library Current library Shelving location Date acquired Cost, normal purchase price Total Checkouts Full call number Barcode Date last seen Copy number Price effective from Koha item type
    Dewey Decimal Classification     Assamese Central Library, Naharkatiya College Central Library, Naharkatiya College General Stacks 07/08/2025 300.00   891.4513 SAI 25890 07/08/2025 1 07/08/2025 Books

Naharkatiya College © 2020. All rights reserved.

Powered By